| 000 | 01154nas a2200361 4500 | ||
|---|---|---|---|
| 001 | BR0603440 | ||
| 003 | BR-BrBNA | ||
| 005 | 20231205110223.0 | ||
| 007 | ta | ||
| 008 | 230509b bl.|||p| |||| 00| 00por d | ||
| 040 |
_aBR-BrBNA _bpor _cBiblioteca Nacional de Agricultura |
||
| 041 | _a(Pt) | ||
| 072 | _aH10 | ||
| 100 | 1 | _aManzoni, C.G. | |
| 100 | 1 | _aGrützmacher, A.D. | |
| 100 | 1 | _aGiolo, F.P. | |
| 100 | 1 | _aLima, C.A.B. de | |
| 100 | 1 | _aNornberg, S.D. | |
| 100 | 1 | _aHarter, W. da R. | |
| 100 | 1 | _aMüller, C. | |
| 245 | 1 | _aSeletividade de agrotóxicos recomendados na produção integrada da maçã a Trichogramma pretiosum Riley, 1879 (Hym.: Trichogrammatidae)em condições de laboratório | |
| 650 | _aMAÇÃ | ||
| 650 | _aPRAGA DE PLANTA | ||
| 650 | _aINSETO | ||
| 650 | _aAGROTÓXICO | ||
| 650 | _aCONTROLE INTEGRADO | ||
| 650 | _aTRICHOGRAMMA SP | ||
| 650 | _aINSETO PARA CONTROLE BIOLÓGICO | ||
| 650 | _aCONTROLE QUÍMICO | ||
| 773 | 0 |
_tRevista Brasileira de Fruticultura (Brazil) _xISSN 0100-2945 _g(Aug 2006), v. 28(2) p. 254-257 _wBR0603440 |
|
| 909 |
_a202311 _bLúcia _c55 _dLúcia Elande |
||
| 942 |
_2AGRIS _n0 _cANA |
||
| 999 |
_c186555 _d186555 |
||